00614cam a22002291 4500001001300000003000400013005001700017008004100034010001700075035002000092040001800112042001200130043001200142050001900154100004500173245005300218260001100271300001900282500001500301651005100316999001700367ne 63000425 DLC20260227111742.0890620s1962 xx 000 0 ara  ane 63000425  a(OCoLC)23487825 aDLCcMiUdDLC apremarc af-ua---00aDT107.83b.R331 aRamādī, Muḥammad Jamāl al-Dīn.10aMin thamarāt al-thawrah fī ʻashr sanawāt. c[1962] a107 p.c24 cm. aRomanized. 0aUnited Arab RepublicxPolitics and government. c45631d45631